Hugh Laurie Filmography - Statistics

General Stats
  • This quiz has been taken 57 times
    13 since last reset
  • The average score is 34 of 161
Answer Stats
Type Year Name % Correct
TV Show 1989 Blackadder Goes Forth
67%
TV Show 1987 Blackadder the Third
67%
TV Show 2004-2012 House
67%
TV Show 1990-1993 Jeeves and Wooster
56%
TV Mini-Series 2016 The Night Manager
56%
TV Show 1987-1995 A Bit of Fry & Laurie
44%
TV Show 2020-Present Avenue 5
44%
TV Show 1986 Blackadder II
44%
TV Mini-Series 2003 Fortysomething
44%
Film 2009 Monsters vs. Aliens
44%
Film 1992 Peter's Friends
44%
Film 1999 Stuart Little
44%
TV Show 2003 Stuart Little: The Animated Series
44%
TV Show 1981 The Cellar Tapes
44%
TV Show 1983-1984 Alfresco
33%
Web Mini-Series 2023 All the Light We Cannot See
33%
Film 1994 A Pin for the Butterfly
33%
Film 2011 Arthur Christmas
33%
Commercial 1996 BT Group
33%
TV Show 2016-2017 Chance
33%
Commercial 2014 EasyJet: I'm Not Late!
33%
TV Show 1998 Friends
33%
TV Show 1985 Happy Families
33%
TV Mini-Series 2001 Life with Judy Garland: Me and My Shadows
33%
Film 2012 Mister Pip
33%
Film 1985 Plenty
33%
TV Mini-Series 2020 Roadkill
33%
Film 1995 Sense and Sensibility
33%
Film 1989 Strapless
33%
Film 2008 Street Kings
33%
Film 2002 Stuart Little 2
33%
Web Series 2024-Present Tehran
33%
Film 2022 The Amazing Maurice
33%
Film 2023 The Canterville Ghost
33%
Film 1998 The Man in the Iron Mask
33%
Film 2011 The Oranges
33%
TV Show 1982 There's Nothing to Worry About!
33%
TV Show 1984 The Young Ones
33%
Film 2015 Tomorrowland
33%
TV Show 2015-2019 Veep
33%
TV Mini-Series 1993 All or Nothing at All
22%
Commercial 2000 Anchor Spreadable Butter
22%
Commercial 1996 Birds Eye Crispy Chicken Dippers
22%
TV Special 1988 Blackadder's Christmas Carol
22%
Short Film 2009 B.O.B.'s Big Break
22%
Commercial 2002 Bradford & Bingley
22%
Film 1999 Carnivale
22%
TV Mini-Series 2019 Catch-22
22%
Commercial 1999 Clinomyn Toothpaste
22%
Film 1998 Cousin Bette
22%
Commercial 1999 Daewoo
22%
TV Documentary 2001 Discovering the Real World of Harry Potter
22%
Commercial 2000 Domain Names
22%
Commercial 1996 Energizer
22%
TV Show 2001, 2009 Family Guy
22%
TV Show 1987 Filthy Rich & Catflap
22%
TV Show 2004 Fire Engine Fred
22%
Commercial 1986 Fisher Price
22%
Film 2004 Flight of the Phoenix
22%
TV Documentary 2010 Fry and Laurie Reunited
22%
Film 2001 Girl from Rio
22%
Commercial 1996 Hartley's Jam
22%
Film 2018 Holmes & Watson
22%
Film 2011 Hop
22%
Commercial 1996 Hornby TrakMat
22%
Web Series 2024 In the Know
22%
Commercial 2002 Johnson's Baby Soft Wash
22%
Commercial 1985 Kellogg's Crunchy Nut
22%
Commercial 1996 Kellogg's Frosted Mini-Wheats
22%
TV Show 2011 Later... with Jools Holland
22%
TV Film 1985 Letters from a Bomber Pilot
22%
Video Game 2014 LittleBigPlanet 3
22%
Commercial 2000 LloydsPharmacy
22%
Commercial 2011 L'Oréal Men Expert
22%
Commercial 2001 Marks & Spencer
22%
Film 2000 Maybe Baby
22%
TV Short 2009 Monsters vs. Aliens: Mutant Pumpkins from Outer Space
22%
TV Film 1985 Mrs. Capper's Birthday
22%
Commercial 1996 Müller Crunch Corner
22%
Commercial 1988 Panama Cigars
22%
Podcast 2023 People Who Knew Me
22%
Commercial 1997 Persil
22%
Commercial 1999 Philadelphia Cream Cheese
22%
Commercial 1980s Polaroid
22%
TV Show 2000 Preston Pig
22%
TV Show 2000 Randall & Hopkirk
22%
Commercial 1996 Roundup Weed Killer
22%
TV Show 2006, 2008 Saturday Night Live
22%
TV Short 2001 Second Star to the Left: A Christmas Tale
22%
TV Short 2012 Shrek's Thrilling Tales
22%
Film 1997 Spice World
22%
TV Show 2002 Spooks
22%
Film 2005 Stuart Little 3: Call of the Wild
22%
TV Show 1998 The Bill
22%
Film 1997 The Borrowers
22%
TV Pilot 1983 The Crystal Cube
22%
TV Show 2023 The Daily Show
22%
TV Show 1993 The Legends of Treasure Island
22%
TV Special 1999 The Nearly Complete and Utter History of Everything
22%
TV Show 1989 The New Statesman
22%
Film 2019 The Personal History of David Copperfield
22%
TV Film 1997 The Place of Lions
22%
TV Show 2010 The Simpsons
22%
Film 1995 The Snow Queen
22%
Film 1996 The Snow Queen's Revenge
22%
Film 2002 The Strange Case of Penny Allison
22%
Film 1997 The Ugly Duckling
22%
Web Series TBA The Wanted Man
22%
TV Show 1995 The World of Peter Rabbit and Friends
22%
TV Show 1996 Tracey Takes On...
22%
TV Film 1987 Up Line
22%
Film 2005 Valiant
22%
Commercial 1996, 2001, 2007 Walkers Crisps
22%
Commercial 2000 Which?
22%
Commercial 1996 WHSmith
22%
Web Mini-Series 2022 Why Didn't They Ask Evans?
22%
Film 1996 101 Dalmations
11%
Music Video 1986 Experiment IV
11%
TV Show 1986, 1988 Friday Night Live
11%
TV Show 1986 Girls on Top
11%
Short Film 2002 Lost in the Snow
11%
TV Show 1996 Murder Most Horrid
11%
Documentary Series 2011, 2013 Perspectives
11%
Short Film 2005 The Big Empty
11%
TV Show 1981 The Don Lane Show
11%
TV Show 2018 The Late Show with Stephen Colbert
11%
Music Video 1992 Walking on Broken Glass
11%
TV Show 1994 A Christmas Night with the Stars
0%
Short Film 1999 Blackadder: Back & Forth
0%
TV Short 1988 Blackadder: The Cavalier Years
0%
TV Short 1991 Brown Bear's Wedding
0%
TV Show 1996 Dennis the Menace
0%
TV Show 2000 Dominion
0%
TV Film 2002 Dragans of New York
0%
Theater 1990 Gasping
0%
Concert Film 2013 Hugh Laurie: Live on the Queen Mary
0%
Film 1997 I'd Like a Word with You
0%
Short Film 1993 It's Your Choice: Selection Skills for Managers
0%
TV Show 2022 Jeopardy!
0%
Short Film 1983 Keep Off the Grass
0%
TV Show 1988 Les Girls
0%
TV Show 2000 Little Grey Rabbit
0%
TV Mini-Series 1995 Look at the State We're In!
0%
Short Film 2000 Lounge Act
0%
Short Documentary 2005 Making of: Valiant
0%
TV Show 2003 MechaNick
0%
TV Show 2002 MI-5
0%
Documentary Series 2000 Omnibus
0%
TV Short 1999 Santa's Last Christmas
0%
Short Documentary 2006 S.E.T.I.: The Search for Extraterrestrial Intelligence
0%
Documentary Series 1986 South of Watford
0%
TV Film 1995 The Adventures of Mole
0%
TV Film 1996 The Adventures of Toad
0%
Short Film 2000 The Journal of Edwin Carp
0%
TV Film 1987 The Laughing Prisoner
0%
TV Show 2004 The Lenny Henry Show
0%
Short Film 2001 The Piano Tuner
0%
TV Short 2004 The Tale of Jack Frost
0%
TV Film 2003 The Young Visiters
0%
Film 1997 Treasure Island
0%
TV Short 1992 White Bear's Secret
0%
No matching quizzes found
Score Distribution
Percent of People with Each Score
Percentile by Number Answered
Your Score History
You have not taken this quiz since the last reset